Ο χάρτης των θεμελιωδών δικαιωμάτων της ΕΕ : ερμηνεία κατ΄άρθρο
Αποθηκεύτηκε σε:
| Κύριος συγγραφέας: | |
|---|---|
| Μορφή: | Βιβλίο |
| Γλώσσα: | Greek |
| Δημοσίευση: |
Αθήνα :
Νομική Βιβλιοθήκη,
2015.
|
| Θέματα: | |
| Ετικέτες: |
Προσθήκη ετικέτας
Δεν υπάρχουν, Καταχωρήστε ετικέτα πρώτοι!
|
MARC
| LEADER | 00000nam a2200000 a 4500 | ||
|---|---|---|---|
| 001 | 1/114364 | ||
| 008 | 170616s2015####gr | ||| |||| ||gre|| | ||
| 020 | |a 9789605624798 | ||
| 040 | |a GR-MyUa |b gre |c GR-MyUa |e AACR2 | ||
| 041 | 0 | |a gre | |
| 082 | 7 | |a 341.48 |2 (23) | |
| 100 | 1 | |a Τζέμος, Βασίλης Γ. | |
| 245 | 1 | 2 | |a Ο χάρτης των θεμελιωδών δικαιωμάτων της ΕΕ : |b ερμηνεία κατ΄άρθρο / |c Βασιλης Γ. Τζέμος. |
| 260 | |a Αθήνα : |b Νομική Βιβλιοθήκη, |c 2015. | ||
| 300 | |a 651 σ. ; |c 25 εκ. | ||
| 504 | |a Περιλαμβάνει ευρετήριο. | ||
| 650 | 0 | |a Civil rights |z European Union countries. | |
| 650 | 0 | |a Human rights |z European Union countries. | |
| 852 | |a INST |b LESVOS |c EUDOXUS |e 20170616 |h 341.48 ΤΖΕ |p 005100059636 |q 005100059636 |t EDX |y 0 | ||
| 920 | |a Εύδοξος |b Παραγγελία |y Λέσβος-ΤΠ |z 2017-05 | ||
| 970 | |a τζαφέρη |b Ευαγγελία |z 16-06-2017 | ||